Flow through open channels / (Record no. 6730)
[ view plain ]
| 000 -LEADER | |
|---|---|
| fixed length control field | 00438cam a2200169ua 4500 |
| 041 ## - LANGUAGE CODE | |
| Language code of text/sound track or separate title | eng |
| 082 ## - DEWEY DECIMAL CLASSIFICATION NUMBER | |
| Classification number | 532.54 |
| Item number | RAN/FL |
| 100 ## - MAIN ENTRY--AUTHOR NAME | |
| Personal name | Ranga Raju, K G . |
| 245 ## - TITLE STATEMENT | |
| Title | Flow through open channels / |
| 250 ## - EDITION STATEMENT | |
| Edition statement | 1 / |
| 260 ## - PUBLICATION, DISTRIBUTION, ETC. (IMPRINT) | |
| Place of publication | New Delhi : |
| Name of publisher | Tata Mc-Graw Hill Publishing Company , |
| Year of publication | 1984. |
| 300 ## - PHYSICAL DESCRIPTION | |
| Number of Pages | 330 ; . |
| 942 ## - ADDED ENTRY ELEMENTS (KOHA) | |
| Koha item type | Books |
| Withdrawn status | Lost status | Damaged status | Home library | Current library | Date acquired | Full call number | Accession Number | Koha item type |
|---|---|---|---|---|---|---|---|---|
| KAUAET | KAUAET | 07/04/2012 | 532.54 RAN/FL | 15674 | Books | |||
| KAUAET | KAUAET | 07/04/2012 | 532.54 RAN/FL | 16872 | Books |
